FC Barcelone - Tous les joueurs (2020-) - Statistiques

Statistiques générales
  • Ce quiz a été pris 974 fois
    561 depuis la dernière actualisation
  • Le résultat moyen est 36 sur 68
Statistiques - réponses
Saisons Nationalité Joueur Nb de matchs % Correct
2020- Pays-Bas Frenkie de Jong 122
97%
2020- Allemagne Marc-André ter Stegen 128
97%
2021-2022 Pays-Bas Luuk de Jong 21
96%
2020- Espagne Pedri 95
96%
2020- Uruguay Ronald Araujo 100
94%
2021- Espagne Gavi 82
93%
2022- Pologne Robert Lewandowski 65
93%
2022- France Jules Koundé 60
90%
2022- Brésil Raphinha 62
87%
2020-2021 Argentine Lionel Messi 35
86%
2020-2023 France Ousmane Dembélé 76
86%
2022- Espagne Lamine Yamal 34
85%
2020-2023 Espagne Sergio Busquets 102
85%
2020-2023 Espagne Jordi Alba 89
83%
2020-2022 France Antoine Griezmann 39
80%
2022- Danemark Andreas Christensen 49
79%
2021-2023 Gabon Pierre-Emerick Aubameyang 18
79%
2021- Espagne Alejandro Balde 56
75%
2020-2022 Etats-Unis Sergino Dest 51
71%
2022-2023 Espagne Pablo Torre 8
70%
2021- Espagne Ferran Torres 77
69%
2020-2022 France Clément Lenglet 54
68%
2020-2022 Espagne Gerard Piqué 51
68%
2023- Portugal Joao Cancelo 28
68%
2023- Espagne Pau Cubarsi 15
68%
2023- Allemagne Ilkay Gundogan 33
66%
2020-2022 France Samuel Umtiti 14
66%
2020-2021 Bosnie-Herzégovine Miralem Pjanic 19
64%
2022-2023 Côte d'Ivoire Franck Kessié 28
63%
2023- Portugal Joao Félix 27
63%
2020- Espagne Ansu Fati 56
60%
2022- Espagne Inaki Pena 12
60%
2020- Espagne Sergi Roberto 58
60%
2021-2023 Pays-Bas Memphis Depay 30
57%
2023- Espagne Fermin Lopez 27
56%
2021- Espagne Eric Garcia 52
52%
2023- Espagne Inigo Martinez 16
52%
2020-2022 Danemark Martin Braithwaite 33
51%
2021-2022, 2023-2024 Maroc Abde Ezzalzouzi 12
48%
2021-2022 Brésil Dani Alves 14
47%
2023- Espagne Hector Fort 5
40%
2020-2022 Brésil Philippe Coutinho 24
40%
2021-2022 Espagne Adama Traoré 11
38%
2023- Espagne Marc Casado 2
37%
2023- Brésil Vitor Roque 11
37%
2023- Espagne Oriol Romeu 25
35%
2020-2021 Portugal Francisco Trincao 28
34%
2020-2022 Espagne Oscar Mingueza 46
33%
2020-2022 Espagne Riqui Puig 29
33%
2020-2021 Guinée Ilaix Moriba 14
31%
2022- Espagne Marcos Alonso 28
30%
2023- Espagne Marc Guiu 3
27%
2020-2022 Brésil Neto 10
26%
2021-2022 Autriche Yusuf Demir 6
24%
2021-2022 Argentine Sergio Agüero 4
22%
2020-2021 Espagne Junior Firpo 7
21%
2021-2022 Espagne Ferran Jutglà 6
17%
2021-2022 Espagne Nico Gonzalez 27
16%
2022-2023 Espagne Hector Bellerin 3
15%
2020-2021 Espagne Carles Alena 2
14%
2021-2022 Espagne Ilias Akhomach 2
14%
2022-2023 Maroc Chadi Riad 1
13%
2021-2022 Brésil Emerson Royal 3
12%
2022- Espagne Aleix Garrido 1
5%
2022- Espagne Angel Alarcon 4
5%
2021-2022 Espagne Alvaro Sanz 2
4%
2021-2022 Espagne Estanis Pedrola 1
3%
2021-2022 Espagne Mila Marmol 1
2%
Aucun quiz correspondant
Distribution des résultats
% des personnes avec chaque résultat
Percentile par nombre de réponses
Votre historique - résultats
Vous n’avez pas pris ce quiz depuis la dernière actualisation